| 000 | 00496nam a22001697a 4500 | ||
|---|---|---|---|
| 999 |
_c68539 _d68536 |
||
| 082 | _aR/1EE19 | ||
| 100 | _aHalar | ||
| 100 | _aRoll No. 19EE07 | ||
| 100 | _aSupervisor - Dr. Imran Ahmed Samo | ||
| 245 | _aAssessment of Solid Waste Generation and Composition in QUEST Nawabshah | ||
| 260 |
_aNawabshah _bQUEST _c2023 |
||
| 300 | _a48p | ||
| 700 | _aDepartment of Energy & Environment | ||
| 700 | _aIsrar Mahar (Roll No. 19EE19) | ||
| 700 | _aShahzaman (Roll No. 19EE39) | ||
| 942 | _cTHESIS | ||